01303nam a2200241Ia 4500008004100000100005600041245003800097260001300135500002500148650001200173942000700185952008400192952008400276952009600360952008400456952008400540952008400624952008400708952008400792952008400876952008400960999001701044230524s9999 xx 000 0 und d a"Josef Pieprzyk, Thomas Hardjono, Jennifer Seberry" 0aFundamentals of Computer Security bSpringer aQuantity Number: 10 aComp-Sc cBK 00104070aTATCLbTATCLcGENd2023-05-24l0p44342r2023-05-24w2023-05-24yBK 00104070aTATCLbTATCLcGENd2023-05-24l0p44343r2023-05-24w2023-05-24yBK 00104070aTATCLbTATCLcGENd2023-05-24l1p44344r2024-09-02s2024-01-25w2023-05-24yBK 00104070aTATCLbTATCLcGENd2023-05-24l0p44345r2023-05-24w2023-05-24yBK 00104070aTATCLbTATCLcGENd2023-05-24l0p44346r2023-05-24w2023-05-24yBK 00104070aTATCLbTATCLcGENd2023-05-24l0p44347r2023-05-24w2023-05-24yBK 00104070aTATCLbTATCLcGENd2023-05-24l0p44348r2023-05-24w2023-05-24yBK 00104070aTATCLbTATCLcGENd2023-05-24l0p44349r2023-05-24w2023-05-24yBK 00104070aTATCLbTATCLcGENd2023-05-24l0p44350r2023-05-24w2023-05-24yBK 00104070aTATCLbTATCLcGENd2023-05-24l0p44351r2023-05-24w2023-05-24yBK c50335d50335